| 000 | 01160nam a2200349 c 4500 | ||
|---|---|---|---|
| 001 | 44897 | ||
| 003 | ES-MaCES | ||
| 005 | 20140711133625.0 | ||
| 008 | 140707s2014 sp 000 | spa d | ||
| 017 |
_aAB 80-2014 _bDL |
||
| 020 | _a9788415923114 | ||
| 040 |
_aES-MaCES _bspa _cES-MaCES |
||
| 100 | 1 |
_aMolina Navarrete, Cristóbal _918784 |
|
| 245 | 1 | 0 |
_aEscenarios de "pos-ultraactividad" del convenio _b: soluciones judiciales a la incertidumbre _cCristóbal Molina Navarrete |
| 250 | _a1ª ed | ||
| 260 |
_aAlbacete _bBomarzo _c2014 |
||
| 300 |
_a116 p. _c21 cm |
||
| 490 | 1 |
_aBásicos de Derecho social _v76 |
|
| 541 | _cCompra | ||
| 650 | 4 |
_aconvenio colectivo _928361 |
|
| 650 | 4 |
_aextensión del convenio colectivo _930041 |
|
| 650 | 4 |
_aadministración de justicia _927204 |
|
| 650 | 4 |
_aprocedimiento judicial _929889 |
|
| 650 | 4 |
_aderecho del trabajo _927165 |
|
| 650 | 4 |
_aderecho jurisprudencial _929863 |
|
| 650 | 4 |
_aEspaña _926964 |
|
| 650 | 4 |
_arégimen jurídico _929894 |
|
| 653 | 1 | 0 | _aDerecho del trabajo y Seguridad Social |
| 830 | 0 |
_aBásicos de Derecho social _v76 _933978 |
|
| 902 | _aLIB Libro | ||
| 942 |
_2CES _cBK _h6.0.1. |
||
| 999 |
_c44897 _d44897 |
||